000 00556nam a2200193Ia 4500
005 20250508162326.0
008 008 250505s9999 xx 000 0 eng d
037 _aReference
040 _aFEDL
_beng
_cFEDL
041 _aeng
_2eng
084 _a371.9, KAU
_qFEDL
100 _aKauffman James M Ed.
_9461119
245 0 _aHandbook of special education
260 _aEnglewood Chiffs, USA
_bPrentice Hall
_c1981
300 _axv,782p
700 _a Hallahan Daniel P Ed.
_9772869
942 _cREF
_h371.9, KAU
999 _c1375849
_d1375849